Welcome to CU Library Online Public Access Catalogue (OPAC)

Miller-Keane Encyclopedia & dictionary of medicine, nursing & allied health. (Record no. 8520)

MARC details
000 -LEADER
fixed length control field 00707cam a2200229 a 4500
001 - CONTROL NUMBER
control field 4496997
005 - DATE AND TIME OF LATEST TRANSACTION
control field 20251209144720.0
008 - FIXED-LENGTH DATA ELEMENTS--GENERAL INFORMATION
fixed length control field 970514s1997 paua d 000 0 eng
020 ## - INTERNATIONAL STANDARD BOOK NUMBER
International Standard Book Number 0721662781
020 ## - INTERNATIONAL STANDARD BOOK NUMBER
International Standard Book Number 9780721662787
050 00 - LIBRARY OF CONGRESS CALL NUMBER
Classification number R121
Item number .M65 1997
082 00 - DEWEY DECIMAL CLASSIFICATION NUMBER
Classification number 610/.3
Edition information 21
100 1# - MAIN ENTRY--PERSONAL NAME
Personal name Miller, Benjamin Frank,
Dates associated with a name 1907-1971.
245 10 - TITLE STATEMENT
Title Miller-Keane Encyclopedia & dictionary of medicine, nursing & allied health.
250 ## - EDITION STATEMENT
Edition statement 6th ed.
260 ## - PUBLICATION, DISTRIBUTION, ETC.
Place of publication, distribution, etc. Philadelphia :
Name of publisher, distributor, etc. Saunders,
Date of publication, distribution, etc. c1997.
300 ## - PHYSICAL DESCRIPTION
Extent xxxii, 1960 p. :
Other physical details ill. (some col.) ;
Dimensions 26 cm.
650 #0 - SUBJECT ADDED ENTRY--TOPICAL TERM
Topical term or geographic name entry element Medicine
General subdivision Dictionaries.
650 #0 - SUBJECT ADDED ENTRY--TOPICAL TERM
Topical term or geographic name entry element Nursing
General subdivision Dictionaries.
700 1# - ADDED ENTRY--PERSONAL NAME
Personal name Keane, Claire Brackman.
942 ## - ADDED ENTRY ELEMENTS (KOHA)
Source of classification or shelving scheme Library of Congress Classification
Koha item type Books
Edition 6th ed.
Suppress in OPAC No
999 ## -
-- 8520
-- 8520
Holdings
Withdrawn status Lost status Source of classification or shelving scheme Damaged status Not for loan Collection Home library Current library Shelving location Date acquired Total checkouts Full call number Barcode Date last seen Copy number Price effective from Koha item type
    Library of Congress Classification     Non-fiction Science Library (Miotso) Science Library (Miotso) Reference 12/09/2025   R121 .M65 MIL SLM00006544 12/09/2025 1 12/09/2025 Books
© 2023-2024 Copyright: Central University Libraries. All Rights Reserved | Created by: Mahone Tech Office